00514nam a2200157 a 450000100100000000500170001000800410002702000150006804000250008308200110010810000210011924500630014026001030020330000200030650400300032600004924020210628132527.0190801s2002 dr 000 0 spa d a9993433349 aDO-SdBNPbspacBNPHU axxbxx1 aRathe, Magdalena13aLa reforma de salud y seguridad social /cMagdalena Rathe. aSanto Domingo, República Dominicana :bPontificia Universidad Católica Madre y Maestra,c2002. a70 p. ;c23 cm. aBibliografía : p. 69-70